| 000 | 00504nmm a2200157Ia 4500 | ||
|---|---|---|---|
| 008 | 251105s9999||||xx |||||||||||||||||und|| | ||
| 041 | _aspa | ||
| 100 | _aDomínguez Ruiz, Ignacio Elpidio | ||
| 245 | 0 |
_aSe vende diversidad : _b Orgullo, promoción y negocio en el World Pride |
|
| 264 |
_a[Madrid, España] : _bEditorial Egales, _c2022 |
||
| 300 | _a523 páginas | ||
| 490 | _aEnsayo | ||
| 650 | _aSocial Sciences (General) | ||
| 856 | _uhttps://public.digitaliapublishing.com/a/135811 | ||
| 942 | _cCF | ||
| 999 |
_c99235 _d99235 |
||